| 000 | 00624nam a2200145 a 4500 | ||
|---|---|---|---|
| 001 | 000046229 | ||
| 005 | 20210420113210.0 | ||
| 008 | 150708s1998 dr 000 0 spa d | ||
| 040 |
_aDO-SdBNP _bspa _cBNPHU |
||
| 245 | 0 | 0 |
_aGuía metodológica para el profesor del manual de lectoescritura : _bpor la vida, para la vida /. |
| 260 |
_a[Santo Domingo] : _bDirección Genral de Educación de Adultos, _c[1998?]. |
||
| 300 |
_a49 p. ; _c31 cm. |
||
| 710 | 2 |
_aSecretaría de Estado de Educación Bellas Artes y Cultos _bDirección Genral de Educación de Adultos _974265 |
|
| 710 |
_aFondo de las Naciones Unidas para la Infancia _99270 |
||
| 999 |
_c45718 _d45718 |
||